NBA by year since 2000 - Statistics

General Stats
  • This quiz has been taken 33 times
  • The average score is 20 of 25
Answer Stats
Year Hint Answer % Correct
2020 Player who came from the Pelicans and went to the Lakers as the number two option to LeBron james Anthony Davis
100%
2024 Team that started season with a 15 game win streak Cleveland Cavaliers
96%
2011 Youngest MVP ever Derrick Rose
96%
2013 Greek Born Basketball player drafted this year Giannis Antetokounmpo
96%
2010 Back-2-Back Finals MVP Kobe Bryant
96%
2018 Player who left Cleveland to play for the Boston celtics Kyrie Irving
96%
2017 NBA player who won MVP for averaging a triple-double Russell Westbrook
96%
2016 The player who was "BLOCKED BY JAMES" in the NBA finals Andre Iguodala
93%
2023 NBA player who famously copied Steph curry and Kanye west after winning a title Jayson Tatum
93%
2015 Player who went to the Cavs from the timberwolves Kevin Love
93%
2008 Team that assembled a big three and won the title the same year Boston Celtics
89%
2019 Country that won their first ever NBA championship this year Canada
89%
2014 SF who guarded LeBron in the 2014 NBA finals Kawhi Leonard
89%
2022 NBA player who won their first finals MVP Stephen Curry
89%
2021 Player whose large foot costed them a trip to the ECF Kevin Durant
86%
2002 Finals MVP for Lakers 3 peat Shaquille O'Neal
86%
2003 Team that interupts Lakers chance at a 4-peat in WCF San Antonio Spurs
75%
2009 Team that beats LeBron in ECF to go to the finals Orlando Magic
71%
2006 Player who won back-2-back MVPs Steve Nash
71%
2005 PG from wake forest drafted Chris Paul
68%
2000 Coach who starts coaching for the lakers Phil Jackson
68%
2001 PG drafted by SAS and won 1 finals MVP Tony Parker
68%
2007 Player who won MVP the lost as the 1st seed in round 1 Dirk Nowitzki
64%
2012 Unanimous rookie of the year this year Damian Lillard
39%
2004 NBA bust who was drafted in 2003 who won a title Darko Milicic
36%
No matching quizzes found
Score Distribution
Percent of People with Each Score
Percentile by Number Answered
Your Score History
You have not taken this quiz